00433 2200169 4500001002100000005001500021035002000036245004300056100001400099300002100113260004500134082000800179084001400187020002200201600001400223990002600237INLIS00000000000033720251027023300 a0010-10250001551 aYAP THIAM HIEN /cLestantya R. Baskoro0 aLestantya a174 hlm ;c16 cm aJakarta :bGramedia Pustaka Utama,c2017 a928 a928 LES y a978-602-424-401-904aLestantya a2017/SMKMIRI/2227/001